000 00374 a2200169 4500
001 70402
020 _a8586006432
040 _cAnchieta - Itaigara
100 _aGumz, Adriana
240 1 0 _aA árvore de dinheiro
_lpor
245 1 0 _aA árvore de dinheiro
300 _a15
362 0 _a1999
440 1 _aEducarte
650 4 _aLiteratura infanto-juvenil
942 _cBK
999 _c70402
_d70402